2024 UEFA European Championship Cities - Statistics

General Stats
  • This quiz has been taken 53 times
  • The average score is 8 of 10
Answer Stats
Picture Answer % Correct
Berlin
100%
Munich
96%
Hamburg
92%
Frankfurt
85%
Stuttgart
85%
Cologne
83%
Dortmund
83%
Leipzig
77%
Düsseldorf
71%
Gelsenkirchen
62%
No matching quizzes found
Score Distribution
Percent of People with Each Score
Percentile by Number Answered
Your Score History
You have not taken this quiz